000 00628nam a2200217Ia 4500
005 20260429112024.0
008 260429s9999||||xx |||||||||||||| ||und||
020 _a9781032828428
041 _aEnglish
082 _a658.4
_bWEN
100 _aWenten, Klara-Aylin
245 0 _aMechanisms of agile management /
_cKlara-Aylin Wenten
250 _a1st ed.
260 _aNew York :
_bRoutledge,
_c2025.
300 _axii, 194 p.; hb
440 _aRoutledge Studies in Innovation, Organizations and Technology
650 _a Leadership
650 _a Organizational management
650 _aAgile management
942 _cTB
999 _c51933
_d51933